Gaming Quiz

Random Gaming or Letter Quiz

Scrabble Tile Frequency Quiz Stats

 Plays Quiz Updated Feb 27, 2020

Support Sporcle.
Go Orange.
Score 0/27 Timer 02:00
1 Play Today
Tile How Many of Them? % Correct
Z???
72.8%
Q???
69.3%
X???
69.1%
Blank???
67.6%
J???
56.3%
W???
52.3%
F???
50.9%
V???
50.7%
Y???
46.3%
H???
42.9%
B???
42.4%
P???
41.3%
C???
39.8%
D???
39.4%
Tile How Many of Them? % Correct
K???
39.1%
T???
32.2%
L???
32.2%
U???
31.2%
M???
28.5%
I???
27%
R???
26.9%
G???
26.7%
E???
26.1%
S???
24.5%
O???
24.4%
A???
23%
N???
20.4%

You're not logged in!

Compare scores with friends on all Sporcle quizzes.
OR
Log In

From the Vault

European Country Letter Count

by caramba

You don't want to count your European countries before they hatch.
Remove Ads.
Support Sporcle.
Get the best of Sporcle when you Go Orange. This ad-free experience offers more features, more stats, and more fun while also helping to support Sporcle. Thank you for becoming a member.

Show Comments

Extras

Top Quizzes Today


Score Distribution

Your Account Isn't Verified!

In order to create a playlist on Sporcle, you need to verify the email address you used during registration. Go to your Sporcle Settings to finish the process.

Report this User

Report this user for behavior that violates our Community Guidelines.

Details: